000 00280nam a2200109Ia 4500
005 20251222144846.0
008 251222s9999||||xx |||||||||||||| ||spa||
082 _a323.3985/D45
245 0 _aSólo Organizados Podemos Vencer
264 _bServicios Educativos Rurales
942 _cLIB
999 _c21408
_d21408